Statistics for Biggest Cities Not in the 20 Most Populous Countries

Click here to take the quiz!

General Stats

  • This quiz has been taken 3,057 times
    (1,918 since last reset)
  • The average score is 17 of 20

Answer Stats

PopulationRegionCity% Correct
16.3 milSouth AmericaBuenos Aires
95%
9.90 milSouth AmericaLima
94%
14.7 milWestern EuropeLondon
94%
11.4 milWestern EuropeParis
94%
9.80 milSouth AmericaBogotá
93%
13.7 milSouthern AfricaJohannesburg
91%
24.7 milEastern AsiaSeoul
91%
6.45 milWestern EuropeMadrid
90%
7.20 milSouth AmericaSantiago
89%
7.35 milNorth AmericaToronto
88%
6.85 milMiddle EastBaghdad
83%
7.80 milSoutheast AsiaSingapore
83%
7.75 milMiddle EastRiyadh
82%
9.10 milEastern AsiaTaipei
82%
8.70 milSoutheast AsiaKuala Lumpur
81%
5.95 milEastern AfricaNairobi
81%
6.15 milEastern AfricaDar es Salaam
73%
7.90 milSouthern AfricaLuanda
71%
6.15 milNorthern AfricaKhartoum
68%
5.50 milSoutheast AsiaYangon
60%

Score Distribution

Percentile by Number Answered

Percent of People with Each Score

Your Score History

You have not taken this quiz since the last reset